00662cam a2200205 a 4500001000700000003000400007005000900011008005900020100003100079245009500110260002100205300001100226504003800237600004100275650003100316040001300347942001200360999002100372952006300393147850OSt201809210000001996 -us 0000000000 00 aMejía González, Luís aSevilla Sacasa : valor humano de América /cSevilla Sacasa : valor humano de América / aMiami :b[s. n.] a114 p. aIncluye bibliografía e índice aSEVILLA SACASA, GUILLERMO, 1908-1997 aDIPLOMATICOS NICARAGUENZES aDLCcDLC 2ddccBK c147850d14785000 00102ddc4070a1b1d2018-08-17oCG 923.2 M516s 1996yBK